00361nam a2200121 a 450000100100000000500170001000800410002704000250006808200160009324500480010926000530015730000290021000003113420200930062727.0110614s2009 dr c 000 0 spa d aDO-SdBNPbspacBNPHU axxxxbF981f00aFundación falcondo :bmemoria anual 2008. a[Santo Domingo :bFundación falcondo,c2009?]. a87 p. :bretrs. ;c28 p.